000 00649aam a2200253 4500
005 20251106194427.0
008 150626b2010 xxu||||| |||| 00| 0 spa d
020 _a9789977677316
041 _aESP
082 _a611.314 H557m
100 _aHernández Rojas, María de los Angeles
_98254
245 _aLos molares permanentes
260 _aCosta Rica
260 _bEUCR
260 _c2010
300 _a66 páginas
300 _bIlustraciones a blanco y negro
650 _aANATOMÍA DENTAL
650 _aDIENTES
650 _aMOLARES PERMANENTES
650 _aMOLARES MAXILARES
650 _aMOLARES MANDIBULARES
942 _cBK
_2ddc
999 _c3119
_d3119